000 00965pam a2200277 a 4500
001 1287
005 20231212151559.0
020 _a9780590687300
040 _aDLC
_cDLC
_dDLC
_beng
050 1 0 _aPZ7.C5792
_bRaf 1982
082 0 0 _aFic
_220
100 1 _aCleary, Beverly.
245 1 0 _aRalph S. Mouse /
_cBeverly Cleary ; illustrated by Paul O. Zelinsky.
260 _aSanta Barbara, Calif. :
_bScholastic
_c1982.
300 _a160 pages :
_bIllustrations ;
_c20 cm.
505 _aW
520 _aPresents the further adventures of a motorcycle-riding mouse who goes to school and becomes the instigator of an investigation of rodents and the peacemaker for two lonely boys.
521 _a860
_bLexile
521 _aW
_bRaz-Plus
650 0 _aLarge type books.
650 1 _aMice
_xFiction.
650 1 _aLarge type books.
700 1 _aZelinsky, Paul O
_eIllustrator
906 _a7
_bcbc
_corignew
_d1
_eocip
_f19
_gy-gencatlg
942 _2ddc
_cBK
_n0
999 _c1287
_d1287